00337nam a2200145Ia 45000030006000000080041000060400015000471000029000622450039000912500006001302600020001363000006001565460012001620050017001740STCL150530s9999 xx 000 0 und d aSTCLcSTCL aSingh, H.R.;Kumar Neeraj aAnimal Physiology and Biochemistry a7 c2005aJalandhar a0 aEnglish20220125170324.0